| 000 | 00740nam a2200217Ia 4500 | ||
|---|---|---|---|
| 003 | GCL | ||
| 008 | 140319s9999 xx 000 0 ara d | ||
| 040 |
_aGCL / _cGCL |
||
| 082 | 0 | 4 |
_a953.074 _bا ت |
| 100 | 1 | _aاحمد بن احمد بن محمد المطاع | |
| 245 | 1 | 0 |
_aتاريخ اليمن الاسلامى من سنة 204 هـ الى سنة1006 هـ / _cاحمد بن احمد بن محمد المطاع |
| 700 | 1 | _aعبدالله محمد الحبشى | |
| 260 |
_a[S.N] : _bمنشورات المدينة ، _c1986 |
||
| 300 | _a368 ص | ||
| 490 | _a | ||
| 650 | 0 | 4 | _aتاريخ |
| 650 | 0 | 4 | _aاليمن |
| 650 | 0 | 4 | _aشبه الجزيرة العربية |
| 650 | 0 | 4 | _aالتاريخ الاسلامى |
| 942 |
_2ddc _cBK |
||
| 999 |
_c35111 _d35111 |
||